000 01092nam a2200217Ia 4500
999 _c39235
_d39235
001 5821
003 GE_BSU
005 20190613143336.0
008 181216s1982||||ge |||||||||||||| ||geo||
040 _cGE_BSU
041 _ageo
080 _a629.113(076) ლ-40
100 _aლეკიაშვილი, ვ.
_92477
245 _aსახელმძღვანელო პრაქტიკული სამუშაოების შესასრულებლად ავტომობილების ტექნიკურ ექსპლოატაციაში :
_bდამხმ. სახელმძღვ. /
_cვ. ლეკიშვილი ; რედ. ე. გიორგაძე
264 _aთბილისი :
_bსპი,
_c1982.
300 _a80 გვ. ;
_c20 სმ.
504 _aბიბლიოგრ. : გვ.79.
653 _aავტომობილების ტექნიკური ექსპლოატაცია
700 _aგიორგაძე, ე.
_eრედაქტორი
_9398
942 _cBK
_2udc